Focus update (Record no. 77354)

MARC details
000 -LEADER
fixed length control field 00820cab a2200265 4500
001 - CONTROL NUMBER
control field ##L134072
008 - FIXED-LENGTH DATA ELEMENTS--GENERAL INFORMATION
fixed length control field 060706n2006 000 0 eng u
035 ## - SYSTEM CONTROL NUMBER
System control number (Sirsi) u134072
041 0# - LANGUAGE CODE
Language code of text/sound track or separate title eng
100 1# - MAIN ENTRY--PERSONAL NAME
Personal name Cavanagh, Elaine
245 00 - TITLE STATEMENT
Title Focus update
Remainder of title Berks, Bucks and Oxfordshire
260 ## - PUBLICATION, DISTRIBUTION, ETC.
Date of publication, distribution, etc. 2006
490 #0 - SERIES STATEMENT
Series statement Estates Gazette
Volume/sequential designation (0626) 1 July 2006, 131-143(7)
520 ## - SUMMARY, ETC.
Summary, etc. Reports on mixed-use, retail-led schemes in Newbury and Bracknell, and provides office and industrial rents for each county. Graphs.
590 ## - LOCAL NOTE (RLIN)
Local note IKA180706
651 #4 - SUBJECT ADDED ENTRY--GEOGRAPHIC NAME
Geographic name BERKSHIRE
651 #4 - SUBJECT ADDED ENTRY--GEOGRAPHIC NAME
Geographic name BUCKINGHAMSHIRE
651 #4 - SUBJECT ADDED ENTRY--GEOGRAPHIC NAME
Geographic name OXFORDSHIRE
651 #4 - SUBJECT ADDED ENTRY--GEOGRAPHIC NAME
Geographic name NEWBURY
651 #4 - SUBJECT ADDED ENTRY--GEOGRAPHIC NAME
Geographic name BRACKNELL
690 ## - LOCAL SUBJECT ADDED ENTRY--TOPICAL TERM (OCLC, RLIN)
Topical term or geographic name as entry element PROPERTY-COMMERCIAL PROPERTY-COMMERCIAL PROPERTY MARKET
700 1# - ADDED ENTRY--PERSONAL NAME
Personal name Elghamry, Nadia
700 1# - ADDED ENTRY--PERSONAL NAME
Personal name Jack, Simon
942 ## - ADDED ENTRY ELEMENTS (KOHA)
Suppress in OPAC 0
Holdings
Withdrawn status Lost status Source of classification or shelving scheme Damaged status Not for loan Home library Current library Shelving location Date acquired Total Checkouts Full call number Barcode Date last seen Copy number Price effective from Koha item type
    Dewey Decimal Classification     London London Journal article 06/07/2006   L134072 134072-1001 06/08/2019 1 06/08/2019 Journal article